[Event "Sarkany-Aranytiz GM"]
[Site "Budapest"]
[Date "2013.08.17"]
[Round "1"]
[White "Arngrimsson, Dagur"]
[Black "Hagen, Andreas Skytte"]
[Result "0-1"]
[WhiteElo "2385"]
[BlackElo "2415"]
[PlyCount "84"]
[EventDate "2013.08.17"]
[EventType "tourn"]
[EventRounds "9"]
[EventCountry "HUN"]
[EventCategory "9"]

1. d4 Nf6 2. c4 g6 3. Nc3 Bg7 4. e4 d6 5. f3 O-O 6. Be3 Nc6 7. Nge2 a6 8. Qd2
Rb8 9. Rc1 e6 10. g3 Bd7 11. Bg2 b5 12. b3 bxc4 13. bxc4 Rb4 14. Nd5 Rb8 15.
Nxf6+ Bxf6 16. O-O Bg7 17. Rfd1 Qe7 18. f4 Rfc8 19. Rb1 Qd8 20. e5 Rxb1 21.
Rxb1 Rb8 22. Rd1 Qc8 23. d5 exd5 24. cxd5 Ne7 25. Ba7 Rb7 26. Bd4 Bh3 27. exd6
cxd6 28. Rc1 Qf5 29. Bxh3 Qxh3 30. Bxg7 Kxg7 31. Qc3+ Kg8 32. Qa3 Nf5 33. Rc8+
Kg7 34. Qc3+ Kh6 35. Re8 Nh4 36. Kf2 Qg2+ 37. Ke3 Qf3+ 38. Kd2 Qxd5+ 39. Ke3
Qf3+ 40. Kd2 Qd5+ 41. Ke3 Nf5+ 42. Kf2 Qh1 0-1

[Event "Sarkany-Aranytiz GM"]
[Site "Budapest"]
[Date "2013.08.17"]
[Round "1"]
[White "Mihok, Oliver"]
[Black "Vertetics, Attila"]
[Result "1-0"]
[WhiteElo "2451"]
[BlackElo "2404"]
[PlyCount "67"]
[EventDate "2013.08.17"]
[EventType "tourn"]
[EventRounds "9"]
[EventCountry "HUN"]
[EventCategory "9"]

1. e4 c6 2. c4 d5 3. exd5 cxd5 4. cxd5 Nf6 5. Nc3 Nxd5 6. Nf3 Nc6 7. Bb5 Nxc3
8. bxc3 Qd5 9. Qe2 Bg4 10. Bc4 Bxf3 11. Bxd5 Bxe2 12. Kxe2 Rc8 13. Rb1 b6 14.
d3 e6 15. Bc4 Bd6 16. Ba6 Rc7 17. Bd2 Ke7 18. a4 Rd8 19. h4 Na5 20. h5 f6 21.
Rh4 e5 22. Re4 Nb7 23. Rg4 Kf8 24. Bc4 Bc5 25. f4 e4 26. dxe4 Be3 27. Bxe3 Rxc4
28. Bd4 Kf7 29. h6 g6 30. f5 Rc6 31. fxg6+ hxg6 32. Rf1 Nc5 33. Rgf4 Nd7 34.
Bxf6 1-0

[Event "Sarkany-Aranytiz GM"]
[Site "Budapest"]
[Date "2013.08.17"]
[Round "1"]
[White "Gonda, Laszlo"]
[Black "Hera, Imre Jr"]
[Result "1/2-1/2"]
[WhiteElo "2538"]
[BlackElo "2558"]
[PlyCount "48"]
[EventDate "2013.08.17"]
[EventType "tourn"]
[EventRounds "9"]
[EventCountry "HUN"]
[EventCategory "9"]

1. d4 Nf6 2. c4 e6 3. Nf3 d5 4. Nc3 dxc4 5. e4 Bb4 6. Bg5 h6 7. Bxf6 Qxf6 8.
Bxc4 O-O 9. O-O c5 10. e5 Qd8 11. Ne4 cxd4 12. Qe2 Bd7 13. Rad1 Nc6 14. Ng3 Qc7
15. Bd3 Ne7 16. Qe4 Ng6 17. Qxd4 Bc5 18. Rc1 Rac8 19. Rxc5 Qxc5 20. Qxd7 Rfd8
21. Qb5 Qxb5 22. Bxb5 Rd5 23. Ba4 Nxe5 24. Nxe5 Rxe5 1/2-1/2

[Event "Sarkany-Aranytiz GM"]
[Site "Budapest"]
[Date "2013.08.17"]
[Round "1"]
[White "Galyas, Miklos"]
[Black "Ludwig, Daniel"]
[Result "1-0"]
[WhiteElo "2409"]
[BlackElo "2479"]
[PlyCount "77"]
[EventDate "2013.08.17"]
[EventType "tourn"]
[EventRounds "9"]
[EventCountry "HUN"]
[EventCategory "9"]

1. Nf3 Nf6 2. c4 g6 3. Nc3 Bg7 4. e4 d6 5. d4 O-O 6. Be2 Na6 7. O-O e5 8. Be3
Ng4 9. Bg5 Qe8 10. dxe5 dxe5 11. Qc1 c6 12. h3 Nf6 13. Bh6 Nc5 14. Bxg7 Kxg7
15. Qe3 Qe7 16. b4 Ne6 17. c5 Nf4 18. Rfd1 Bxh3 19. gxh3 Nxh3+ 20. Kg2 Ng4 21.
Qc1 Nf4+ 22. Kf1 Rad8 23. Qb2 Nh2+ 24. Nxh2 Qh4 25. Kg1 Qg5+ 26. Bg4 h5 27. Ne2
Nh3+ 28. Kg2 hxg4 29. Qc3 Rxd1 30. Rxd1 Rh8 31. Qg3 Rh4 32. Rd7 Kf8 33. Rxb7 a6
34. a4 Qh5 35. Nf1 Qg5 36. b5 Nf4+ 37. Nxf4 exf4 38. Rb8+ Ke7 39. Qd3 1-0

[Event "Sarkany-Aranytiz GM"]
[Site "Budapest"]
[Date "2013.08.17"]
[Round "1"]
[White "Jovanovic, D Dusan"]
[Black "Medvegy, Zoltan"]
[Result "1/2-1/2"]
[WhiteElo "2402"]
[BlackElo "2560"]
[PlyCount "40"]
[EventDate "2013.08.17"]
[EventType "tourn"]
[EventRounds "9"]
[EventCountry "HUN"]
[EventCategory "9"]

1. Nf3 Nf6 2. c4 b6 3. g3 c5 4. Bg2 Bb7 5. O-O g6 6. Nc3 Bg7 7. d4 cxd4 8. Qxd4
Nc6 9. Qd1 O-O 10. Bg5 Na5 11. b3 Ne4 12. Nxe4 Bxe4 13. Nd4 Bxg2 14. Kxg2 d5
15. cxd5 Qxd5+ 16. Nf3 Qe6 17. Rc1 Rfd8 18. Qe1 Nc6 19. Rc4 h6 20. Be3 Ne5
1/2-1/2

[Event "Sarkany-Aranytiz GM"]
[Site "Budapest"]
[Date "2013.08.18"]
[Round "2"]
[White "Hagen, Andreas Skytte"]
[Black "Medvegy, Zoltan"]
[Result "1/2-1/2"]
[WhiteElo "2415"]
[BlackElo "2560"]
[PlyCount "84"]
[EventDate "2013.08.17"]
[EventType "tourn"]
[EventRounds "9"]
[EventCountry "HUN"]
[EventCategory "9"]

1. e4 c6 2. d4 d5 3. e5 Bf5 4. Nf3 e6 5. Be2 Nd7 6. O-O Ne7 7. Nbd2 Ng6 8. Nb3
h5 9. Bd2 h4 10. c4 Nb6 11. Na5 Nxc4 12. Nxc4 dxc4 13. Bxc4 h3 14. g3 Bg4 15.
Be2 Bxf3 16. Bxf3 Qxd4 17. Bc3 Qxd1 18. Rfxd1 Ne7 19. Kf1 Nd5 20. Ke2 Bc5 21.
Rd3 a5 22. Be4 a4 23. Rad1 Ra6 24. f4 Rb6 25. Kf3 Rb5 26. g4 Bb6 27. R1d2 Ba5
28. Bxd5 exd5 29. Bxa5 Rxa5 30. f5 Rc5 31. Rc3 Rxc3+ 32. bxc3 b5 33. Kf4 Ke7
34. a3 Rd8 35. Kg5 c5 36. Rb2 d4 37. cxd4 cxd4 38. Rxb5 d3 39. Rb1 d2 40. Rd1
Rd4 41. Kh4 Rd3 42. Kg5 Rd4 1/2-1/2

[Event "Sarkany-Aranytiz GM"]
[Site "Budapest"]
[Date "2013.08.18"]
[Round "2"]
[White "Ludwig, Daniel"]
[Black "Jovanovic, D Dusan"]
[Result "1-0"]
[WhiteElo "2479"]
[BlackElo "2402"]
[PlyCount "101"]
[EventDate "2013.08.17"]
[EventType "tourn"]
[EventRounds "9"]
[EventCountry "HUN"]
[EventCategory "9"]

1. d4 Nf6 2. c4 e6 3. Nf3 Bb4+ 4. Nbd2 b6 5. a3 Bxd2+ 6. Qxd2 Bb7 7. e3 d6 8.
b4 Nbd7 9. Bb2 a5 10. b5 O-O 11. Be2 Ne4 12. Qc2 f5 13. O-O Qe7 14. Rad1 Rae8
15. Ne1 Qh4 16. f3 Ng5 17. Nd3 Nf6 18. Nf4 Nf7 19. d5 Bc8 20. dxe6 Bxe6 21. Bd3
Bc8 22. Bxf6 Qxf6 23. Nd5 Qd8 24. Bxf5 Bxf5 25. Qxf5 Ne5 26. Qc2 Rf7 27. h3 Re6
28. e4 g5 29. Ne3 Qf6 30. Ng4 Qf4 31. Rd5 Nxg4 32. hxg4 Rh6 33. Qd2 Qh2+ 34.
Kf2 Rg6 35. Rf5 Qh4+ 36. Ke2 Re7 37. Qd5+ Kg7 38. Rd1 Qh2 39. Kf2 h5 40. Qa8
Qh4+ 41. Ke2 Rf7 42. Qe8 Rgf6 43. Rxf6 Kxf6 44. Rd5 Kg7 45. Qd8 Kg6 46. Qg8+
Rg7 47. Qe8+ Kh6 48. Qxh5+ Qxh5 49. gxh5 Kxh5 50. f4 Kg4 51. Rxg5+ 1-0

[Event "Sarkany-Aranytiz GM"]
[Site "Budapest"]
[Date "2013.08.18"]
[Round "2"]
[White "Hera, Imre Jr"]
[Black "Galyas, Miklos"]
[Result "1-0"]
[WhiteElo "2558"]
[BlackElo "2409"]
[PlyCount "57"]
[EventDate "2013.08.17"]
[EventType "tourn"]
[EventRounds "9"]
[EventCountry "HUN"]
[EventCategory "9"]

1. d4 f5 2. Nf3 Nf6 3. g3 g6 4. Bg2 Bg7 5. O-O O-O 6. c4 d6 7. Nc3 c6 8. b3 a5
9. Bb2 Na6 10. Qd2 Bd7 11. Rad1 Rb8 12. Rfe1 b5 13. Ne5 dxe5 14. dxe5 Be6 15.
exf6 Qxd2 16. Rxd2 Bxf6 17. cxb5 cxb5 18. e4 b4 19. Na4 Bxb2 20. Rxb2 f4 21.
Bf1 Nc7 22. Rc1 Nb5 23. Rd2 Nd6 24. Nc5 Rbc8 25. Rdc2 Bg4 26. e5 Ne8 27. Rc4
Ng7 28. h3 Bf3 29. Nd7 1-0

[Event "Sarkany-Aranytiz GM"]
[Site "Budapest"]
[Date "2013.08.18"]
[Round "2"]
[White "Vertetics, Attila"]
[Black "Gonda, Laszlo"]
[Result "1/2-1/2"]
[WhiteElo "2404"]
[BlackElo "2538"]
[PlyCount "62"]
[EventDate "2013.08.17"]
[EventType "tourn"]
[EventRounds "9"]
[EventCountry "HUN"]
[EventCategory "9"]

1. d4 Nf6 2. c4 e6 3. Nf3 c5 4. e3 a6 5. Nc3 d5 6. dxc5 Bxc5 7. a3 dxc4 8.
Qxd8+ Kxd8 9. Ne5 Ke7 10. Bxc4 Bd6 11. Nd3 b5 12. Ba2 Bb7 13. f3 Nbd7 14. Bd2
Nb6 15. e4 Nfd7 16. Bg5+ f6 17. Bf4 e5 18. Be3 Rhc8 19. Kd2 Nc4+ 20. Bxc4 Rxc4
21. b3 Rc7 22. Nb4 Bxb4 23. axb4 Rac8 24. Rhc1 g6 25. g3 Ke6 26. Ne2 Nb8 27.
Rxc7 Rxc7 28. Bb6 Rd7+ 29. Ke3 Nc6 30. Bc5 f5 31. Ra2 fxe4 1/2-1/2

[Event "Sarkany-Aranytiz GM"]
[Site "Budapest"]
[Date "2013.08.18"]
[Round "2"]
[White "Arngrimsson, Dagur"]
[Black "Mihok, Oliver"]
[Result "1/2-1/2"]
[WhiteElo "2385"]
[BlackElo "2451"]
[PlyCount "98"]
[EventDate "2013.08.17"]
[EventType "tourn"]
[EventRounds "9"]
[EventCountry "HUN"]
[EventCategory "9"]

1. d4 d5 2. c4 c6 3. Nf3 Nf6 4. Nc3 e6 5. g3 dxc4 6. Bg2 b5 7. Ne5 Nd5 8. e4
Nb4 9. a3 Qxd4 10. axb4 Qxe5 11. Bf4 Qf6 12. e5 Qd8 13. O-O Qxd1 14. Rfxd1 Bxb4
15. Nxb5 cxb5 16. Bxa8 a6 17. Bd2 Bxd2 18. Rxd2 Ke7 19. f4 Nd7 20. Rad1 f6 21.
exf6+ gxf6 22. Bb7 Nc5 23. Bc6 Rf8 24. Kf2 e5 25. Ke3 Be6 26. fxe5 fxe5 27. Bg2
a5 28. Rd6 Bg4 29. R1d5 Be6 30. Rxe6+ Nxe6 31. Rxb5 Kf6 32. Bd5 Nd4 33. Rb6+
Kg5 34. Bxc4 h5 35. Bd3 Rf3+ 36. Kd2 Kg4 37. Rg6+ Kh3 38. Rh6 Kxh2 39. Rxh5+
Kxg3 40. Rxe5 Nb3+ 41. Kc2 Nd4+ 42. Kc3 Nc6 43. Rf5 Nb4 44. Rxf3+ Kxf3 45. Bg6
Ke3 46. Kb3 Nd3 47. Bxd3 Kxd3 48. Ka4 Kc2 49. Kxa5 Kxb2 1/2-1/2

[Event "Sarkany-Aranytiz GM"]
[Site "Budapest"]
[Date "2013.08.19"]
[Round "3"]
[White "Mihok, Oliver"]
[Black "Hagen, Andreas Skytte"]
[Result "0-1"]
[WhiteElo "2451"]
[BlackElo "2415"]
[PlyCount "81"]
[EventDate "2013.08.17"]
[EventType "tourn"]
[EventRounds "9"]
[EventCountry "HUN"]
[EventCategory "9"]

1. e4 c5 2. Nf3 d6 3. d4 cxd4 4. Nxd4 Nf6 5. Nc3 a6 6. Be3 e6 7. g4 e5 8. Nf5
g6 9. Bg2 d5 10. Bg5 gxf5 11. exf5 d4 12. Qe2 dxc3 13. Qxe5+ Be7 14. O-O Nbd7
15. Qxc3 O-O 16. Rfe1 Nd5 17. Bxe7 Nxe7 18. Rad1 Nc6 19. Rd6 Qg5 20. Qg3 Nf6
21. Bf3 Bxf5 22. gxf5 Qxg3+ 23. hxg3 Rfe8 24. Rxe8+ Nxe8 25. Rd7 Rb8 26. Bd5
Nd8 27. Bb3 Nf6 28. Rc7 Ne8 29. Rd7 Nf6 30. Rc7 b5 31. Kg2 Kf8 32. Ra7 Rb6 33.
a4 Ne4 34. Bd5 Nc5 35. a5 Rd6 36. c4 Nb3 37. Bf3 bxc4 38. Rc7 Nxa5 39. Rc5 Ndb7
40. Rc7 Nd8 41. Rc5 0-1

[Event "Sarkany-Aranytiz GM"]
[Site "Budapest"]
[Date "2013.08.19"]
[Round "3"]
[White "Gonda, Laszlo"]
[Black "Arngrimsson, Dagur"]
[Result "1-0"]
[WhiteElo "2538"]
[BlackElo "2385"]
[PlyCount "53"]
[EventDate "2013.08.17"]
[EventType "tourn"]
[EventRounds "9"]
[EventCountry "HUN"]
[EventCategory "9"]

1. Nf3 d5 2. c4 c6 3. e3 Nf6 4. Nc3 g6 5. d4 Bg7 6. Be2 c5 7. dxc5 Qa5 8. cxd5
Ne4 9. O-O Nxc3 10. bxc3 Qxc5 11. Rb1 O-O 12. Rb3 Rd8 13. e4 b6 14. Nd4 Bb7 15.
Ba3 Qc7 16. Nb5 Qd7 17. Bg4 f5 18. Bh3 Nc6 19. exf5 gxf5 20. c4 Ne5 21. Nd4
Bxd5 22. Nxf5 Bxc4 23. Nh6+ Bxh6 24. Bxd7 Rxd7 25. Rg3+ Bg7 26. Rxg7+ Kxg7 27.
Qa1 1-0

[Event "Sarkany-Aranytiz GM"]
[Site "Budapest"]
[Date "2013.08.19"]
[Round "3"]
[White "Galyas, Miklos"]
[Black "Vertetics, Attila"]
[Result "1/2-1/2"]
[WhiteElo "2409"]
[BlackElo "2404"]
[PlyCount "55"]
[EventDate "2013.08.17"]
[EventType "tourn"]
[EventRounds "9"]
[EventCountry "HUN"]
[EventCategory "9"]

1. Nf3 d5 2. c4 c6 3. e3 Nf6 4. Nc3 a6 5. Qc2 g6 6. d4 Bf5 7. Qb3 Ra7 8. Be2
Bg4 9. O-O e6 10. h3 Bxf3 11. Bxf3 Bg7 12. e4 dxe4 13. Bxe4 b5 14. Bf4 O-O 15.
cxb5 Nxe4 16. Nxe4 cxb5 17. Bg5 Qd5 18. Nf6+ Bxf6 19. Qxd5 exd5 20. Bxf6 Nd7
21. Be7 Rc8 22. a4 bxa4 23. Rfc1 Rxc1+ 24. Rxc1 f6 25. Rc6 Kf7 26. Ba3 Rb7 27.
Rxa6 Nb6 28. Ra5 1/2-1/2

[Event "Sarkany-Aranytiz GM"]
[Site "Budapest"]
[Date "2013.08.19"]
[Round "3"]
[White "Jovanovic, D Dusan"]
[Black "Hera, Imre Jr"]
[Result "1-0"]
[WhiteElo "2402"]
[BlackElo "2558"]
[PlyCount "61"]
[EventDate "2013.08.17"]
[EventType "tourn"]
[EventRounds "9"]
[EventCountry "HUN"]
[EventCategory "9"]

1. Nf3 d5 2. c4 c6 3. b3 dxc4 4. bxc4 e5 5. e3 e4 6. Nd4 Nf6 7. Bb2 Bd6 8. Nc3
O-O 9. Be2 Nbd7 10. Qc2 Nc5 11. f3 Re8 12. O-O-O Bf8 13. fxe4 Nfxe4 14. Rhf1
Nxc3 15. Bxc3 Ne4 16. Bb2 c5 17. Nf5 Qa5 18. Bd3 Bxf5 19. Rxf5 Nd6 20. Rd5 g6
21. h4 Re6 22. h5 Rae8 23. Rh1 Bg7 24. hxg6 hxg6 25. Bxg7 Kxg7 26. Qb2+ f6 27.
Rxd6 Rxd6 28. Qxb7+ Kg8 29. Rh7 Qa3+ 30. Kd1 Qa4+ 31. Ke2 1-0

[Event "Sarkany-Aranytiz GM"]
[Site "Budapest"]
[Date "2013.08.19"]
[Round "3"]
[White "Medvegy, Zoltan"]
[Black "Ludwig, Daniel"]
[Result "1-0"]
[WhiteElo "2560"]
[BlackElo "2479"]
[PlyCount "65"]
[EventDate "2013.08.17"]
[EventType "tourn"]
[EventRounds "9"]
[EventCountry "HUN"]
[EventCategory "9"]

1. g3 g6 2. Bg2 Bg7 3. e4 c5 4. Ne2 Nc6 5. c3 e5 6. d3 Nge7 7. O-O O-O 8. Be3
d6 9. Qd2 b6 10. c4 Nd4 11. Nbc3 Bb7 12. Nd5 Nxd5 13. cxd5 f5 14. Nxd4 cxd4 15.
Bg5 Qd7 16. Bh3 Rf7 17. f4 Raf8 18. Rac1 Qb5 19. fxe5 dxe5 20. Bg2 Bf6 21. Bxf6
Rxf6 22. Rc7 R8f7 23. Rxf7 Rxf7 24. exf5 Bxd5 25. a4 Qc6 26. Rc1 Qd7 27. Bxd5
Qxd5 28. Qh6 Qd7 29. fxg6 Rf8 30. Re1 Re8 31. Re4 hxg6 32. Qxg6+ Kf8 33. Rh4
1-0

[Event "Sarkany-Aranytiz GM"]
[Site "Budapest"]
[Date "2013.08.20"]
[Round "4"]
[White "Hagen, Andreas Skytte"]
[Black "Ludwig, Daniel"]
[Result "1-0"]
[WhiteElo "2415"]
[BlackElo "2479"]
[PlyCount "43"]
[EventDate "2013.08.17"]
[EventType "tourn"]
[EventRounds "9"]
[EventCountry "HUN"]
[EventCategory "9"]

1. e4 c5 2. Nf3 d6 3. d4 cxd4 4. Nxd4 Nf6 5. Nc3 a6 6. Be3 e6 7. f3 b5 8. Qd2
Nbd7 9. g4 Nb6 10. a4 Nc4 11. Bxc4 bxc4 12. g5 Nd7 13. f4 Bb7 14. f5 Nc5 15.
Qg2 Qd7 16. fxe6 fxe6 17. Rf1 O-O-O 18. Qe2 d5 19. e5 Qc7 20. O-O-O Qxe5 21.
Rf7 Ne4 22. Bf4 1-0

[Event "Sarkany-Aranytiz GM"]
[Site "Budapest"]
[Date "2013.08.20"]
[Round "4"]
[White "Hera, Imre Jr"]
[Black "Medvegy, Zoltan"]
[Result "1/2-1/2"]
[WhiteElo "2558"]
[BlackElo "2560"]
[PlyCount "48"]
[EventDate "2013.08.17"]
[EventType "tourn"]
[EventRounds "9"]
[EventCountry "HUN"]
[EventCategory "9"]

1. e4 c6 2. d4 d5 3. Nc3 dxe4 4. Nxe4 Bf5 5. Ng3 Bg6 6. h4 h6 7. Nf3 Nd7 8. h5
Bh7 9. Bd3 Bxd3 10. Qxd3 Ngf6 11. Bd2 e6 12. O-O-O Be7 13. Qe2 O-O 14. Nf1 c5
15. g4 cxd4 16. g5 Nd5 17. gxh6 Qb6 18. Qe4 Nc5 19. Qg4 Bf6 20. Bg5 Na4 21.
Bxf6 Qxb2+ 22. Kd2 Qb4+ 23. Kc1 Qa3+ 24. Kd2 Qb4+ 1/2-1/2

[Event "Sarkany-Aranytiz GM"]
[Site "Budapest"]
[Date "2013.08.20"]
[Round "4"]
[White "Vertetics, Attila"]
[Black "Jovanovic, D Dusan"]
[Result "1/2-1/2"]
[WhiteElo "2404"]
[BlackElo "2402"]
[PlyCount "68"]
[EventDate "2013.08.17"]
[EventType "tourn"]
[EventRounds "9"]
[EventCountry "HUN"]
[EventCategory "9"]

1. d4 e6 2. e4 d5 3. Nd2 Nf6 4. Bd3 c5 5. e5 Nfd7 6. c3 Nc6 7. Ne2 Be7 8. f4 f6
9. Nf3 Qb6 10. a3 O-O 11. b4 c4 12. Bb1 a5 13. Ra2 axb4 14. axb4 Rxa2 15. Bxa2
f5 16. Rg1 Qa7 17. Bb1 Nb6 18. g4 Qa1 19. Qc2 Bd7 20. gxf5 exf5 21. Bb2 Qa7 22.
Ng3 Na4 23. Kf2 b5 24. h4 Kh8 25. Nf1 Nb6 26. Ne3 Be6 27. h5 Qa4 28. Qc1 Qb3
29. Nd2 Qa4 30. Bc2 Qa2 31. Qa1 Qxa1 32. Rxa1 g6 33. Ra6 Rb8 34. Bd1 Bxb4
1/2-1/2

[Event "Sarkany-Aranytiz GM"]
[Site "Budapest"]
[Date "2013.08.20"]
[Round "4"]
[White "Arngrimsson, Dagur"]
[Black "Galyas, Miklos"]
[Result "1/2-1/2"]
[WhiteElo "2385"]
[BlackElo "2409"]
[PlyCount "42"]
[EventDate "2013.08.17"]
[EventType "tourn"]
[EventRounds "9"]
[EventCountry "HUN"]
[EventCategory "9"]

1. d4 f5 2. c4 Nf6 3. g3 g6 4. Bg2 Bg7 5. Nf3 O-O 6. Nc3 d6 7. O-O Nc6 8. d5
Na5 9. Nd2 c5 10. a3 Bd7 11. Rb1 a6 12. b3 b5 13. cxb5 axb5 14. b4 cxb4 15.
axb4 Qc7 16. bxa5 Qxc3 17. Nb3 Rfc8 18. Bd2 Qc4 19. Rc1 Qa4 20. Ra1 Qc4 21. Rc1
Qa4 1/2-1/2

[Event "Sarkany-Aranytiz GM"]
[Site "Budapest"]
[Date "2013.08.20"]
[Round "4"]
[White "Mihok, Oliver"]
[Black "Gonda, Laszlo"]
[Result "1-0"]
[WhiteElo "2451"]
[BlackElo "2538"]
[PlyCount "93"]
[EventDate "2013.08.17"]
[EventType "tourn"]
[EventRounds "9"]
[EventCountry "HUN"]
[EventCategory "9"]

1. e4 e5 2. Nf3 Nc6 3. Bb5 Nf6 4. O-O Nxe4 5. d4 Nd6 6. Ba4 e4 7. Re1 Be7 8.
Ne5 O-O 9. Nc3 Na5 10. Nxe4 Nxe4 11. Rxe4 d5 12. Re1 f6 13. Nd3 Bd6 14. Qf3 c6
15. c3 Qd7 16. Bf4 Nc4 17. Bxd6 Nxd6 18. Nc5 Qg4 19. Qxg4 Bxg4 20. Nxb7 Nxb7
21. Bxc6 Rab8 22. Bxd5+ Kh8 23. h3 Bh5 24. Re7 Nd6 25. b3 Rfe8 26. Rxe8+ Rxe8
27. c4 Bf7 28. Bxf7 Nxf7 29. Kf1 Kg8 30. Re1 Rd8 31. Re7 Kf8 32. Rxa7 Rxd4 33.
Ke2 Ne5 34. Rc7 h5 35. a4 g5 36. a5 Rd6 37. b4 Ke8 38. c5 Re6 39. Kd2 Kd8 40.
Rh7 Nd7 41. Kc3 Kc7 42. b5 Re5 43. Kd4 Kc8 44. a6 Nxc5 45. a7 Ne6+ 46. Kc4 Re4+
47. Kd5 1-0

[Event "Sarkany-Aranytiz GM"]
[Site "Budapest"]
[Date "2013.08.21"]
[Round "5"]
[White "Gonda, Laszlo"]
[Black "Hagen, Andreas Skytte"]
[Result "1/2-1/2"]
[WhiteElo "2538"]
[BlackElo "2415"]
[PlyCount "119"]
[EventDate "2013.08.17"]
[EventType "tourn"]
[EventRounds "9"]
[EventCountry "HUN"]
[EventCategory "9"]

1. Nf3 Nf6 2. c4 g6 3. Nc3 Bg7 4. d4 O-O 5. e4 d6 6. Be2 e5 7. O-O Nc6 8. Be3
Re8 9. dxe5 dxe5 10. h3 Be6 11. Re1 Qxd1 12. Raxd1 Nd7 13. a3 f6 14. c5 Nf8 15.
Bb5 Rec8 16. Nd5 Kf7 17. Rc1 Bd7 18. Red1 Nb8 19. Bc4 Be6 20. Nd2 Ke8 21. b4
Nc6 22. Nb3 Nd8 23. Bd2 c6 24. Ne3 Nf7 25. Kf1 Bh6 26. Na5 Bxe3 27. Bxe3 Rc7
28. Be2 Rd8 29. a4 Rxd1+ 30. Rxd1 Nd7 31. Nc4 Bxc4 32. Bxc4 a6 33. g3 Nf8 34.
Ke2 Rd7 35. Ra1 Ke7 36. b5 axb5 37. axb5 Ne6 38. bxc6 bxc6 39. Ra6 Nfd8 40.
Bxe6 Kxe6 41. Ra8 Ke7 42. f4 exf4 43. Bxf4 Nb7 44. Be3 Rd8 45. Ra7 Rd7 46. Ra6
Nd8 47. Bf4 Rb7 48. e5 fxe5 49. Bg5+ Ke8 50. Bxd8 Kxd8 51. Rxc6 Rb3 52. Rd6+
Ke7 53. Rd3 Rb2+ 54. Kf3 Rc2 55. Rd5 Ke6 56. Rd6+ Ke7 57. Rc6 Kd7 58. Rd6+ Ke7
59. Rd5 Ke6 60. Rd6+ 1/2-1/2

[Event "Sarkany-Aranytiz GM"]
[Site "Budapest"]
[Date "2013.08.21"]
[Round "5"]
[White "Galyas, Miklos"]
[Black "Mihok, Oliver"]
[Result "1/2-1/2"]
[WhiteElo "2409"]
[BlackElo "2451"]
[PlyCount "132"]
[EventDate "2013.08.17"]
[EventType "tourn"]
[EventRounds "9"]
[EventCountry "HUN"]
[EventCategory "9"]

1. c4 c5 2. Nf3 Nc6 3. Nc3 Nd4 4. g3 Nxf3+ 5. exf3 g6 6. d4 cxd4 7. Qxd4 Nf6 8.
Bg2 Bg7 9. O-O O-O 10. Bg5 d6 11. Qd2 Be6 12. b3 Re8 13. Rad1 a6 14. Rfe1 Qa5
15. Bxf6 exf6 16. f4 f5 17. Na4 Qxd2 18. Rxd2 Rab8 19. Rxd6 b5 20. cxb5 axb5
21. Nc5 Bf8 22. Rc6 b4 23. Nxe6 Rxe6 24. Rexe6 fxe6 25. Rxe6 Rd8 26. Bf1 Rd2
27. Bc4 Kg7 28. Rc6 Rxa2 29. h3 Ra7 30. g4 fxg4 31. hxg4 Rd7 32. Kg2 Bd6 33.
Kf3 Be7 34. g5 Rd4 35. Rc7 Kf8 36. Ke3 Rd8 37. Ke4 Rd6 38. Bd5 Rd8 39. Rb7 Re8
40. Be6 Rd8 41. Bd7 Bd6 42. Bc6 Rc8 43. Bd5 Re8+ 44. Kf3 Re7 45. Rb6 Bc5 46.
Rc6 Bd4 47. Rc4 Bc3 48. Be4 Bd2 49. Kg4 Kg7 50. f3 Rf7 51. f5 gxf5+ 52. Bxf5
h5+ 53. gxh6+ Kxh6 54. f4 Bc3 55. Rc6+ Kg7 56. Bd3 Bd2 57. f5 Bc3 58. Bc4 Rd7
59. Kg5 Bd2+ 60. Kh5 Bc3 61. Rg6+ Kf8 62. f6 Rh7+ 63. Kg5 Rh8 64. Rg7 Bd2+ 65.
Kg6 Rh6+ 66. Kf5 Rxf6+ 1/2-1/2

[Event "Sarkany-Aranytiz GM"]
[Site "Budapest"]
[Date "2013.08.21"]
[Round "5"]
[White "Jovanovic, D Dusan"]
[Black "Arngrimsson, Dagur"]
[Result "1-0"]
[WhiteElo "2402"]
[BlackElo "2385"]
[PlyCount "139"]
[EventDate "2013.08.17"]
[EventType "tourn"]
[EventRounds "9"]
[EventCountry "HUN"]
[EventCategory "9"]

1. Nf3 d5 2. b3 c6 3. g3 Bg4 4. Bg2 Nd7 5. Bb2 Ngf6 6. O-O e6 7. c4 Bd6 8. d3
O-O 9. Nbd2 a5 10. a3 Re8 11. Qc2 e5 12. e4 dxe4 13. dxe4 Qc7 14. Rfe1 Bh5 15.
Nh4 Rad8 16. Bf3 Bg6 17. Bc3 Nf8 18. b4 axb4 19. axb4 c5 20. b5 Ra8 21. Qb2 Ne6
22. Bg2 Nd7 23. Nf1 Be7 24. Nf5 Bxf5 25. exf5 Nd4 26. Ne3 Rab8 27. Ra7 Bg5 28.
Nd5 Qd6 29. Be4 Bd8 30. h4 Bb6 31. Ra2 Nf6 32. Nxf6+ Qxf6 33. Qb1 Qe7 34. Bd2
Ra8 35. Rxa8 Rxa8 36. Bd5 Ra3 37. Re3 Ra7 38. Qe4 Kf8 39. Re1 f6 40. Be3 Ba5
41. Ra1 b6 42. Kg2 Qd8 43. g4 Qd6 44. Ra3 Rd7 45. Rd3 Nc2 46. Kh3 Nxe3 47. fxe3
Ke7 48. g5 Kd8 49. Qg4 Kc7 50. Rd1 fxg5 51. hxg5 e4 52. Rf1 h6 53. f6 hxg5 54.
f7 Rd8 55. Qxg5 Rh8+ 56. Kg4 Bc3 57. Qf4 Be5 58. Qxe4 Bf6 59. Qe8 Qd7+ 60.
Qxd7+ Kxd7 61. Rf2 Ke7 62. Ra2 Rb8 63. Kf5 Bc3 64. Ra7+ Kf8 65. e4 Bd4 66. Ke6
g6 67. e5 Kg7 68. Re7 Rf8 69. Rb7 Rh8 70. f8=Q+ 1-0

[Event "Sarkany-Aranytiz GM"]
[Site "Budapest"]
[Date "2013.08.21"]
[Round "5"]
[White "Medvegy, Zoltan"]
[Black "Vertetics, Attila"]
[Result "1-0"]
[WhiteElo "2560"]
[BlackElo "2404"]
[PlyCount "25"]
[EventDate "2013.08.17"]
[EventType "tourn"]
[EventRounds "9"]
[EventCountry "HUN"]
[EventCategory "9"]

1. c4 c6 2. Nf3 d5 3. g3 Bg4 4. Bg2 e6 5. Qb3 Bxf3 6. Bxf3 Qb6 7. d4 Nd7 8. Nc3
Ne7 9. O-O Qxd4 10. cxd5 Nxd5 11. Qxb7 Rb8 12. Qxc6 Nxc3 13. bxc3 1-0

[Event "Sarkany-Aranytiz GM"]
[Site "Budapest"]
[Date "2013.08.21"]
[Round "5"]
[White "Ludwig, Daniel"]
[Black "Hera, Imre Jr"]
[Result "1/2-1/2"]
[WhiteElo "2479"]
[BlackElo "2558"]
[PlyCount "75"]
[EventDate "2013.08.17"]
[EventType "tourn"]
[EventRounds "9"]
[EventCountry "HUN"]
[EventCategory "9"]

1. d4 d5 2. c4 c6 3. cxd5 cxd5 4. Nc3 Nf6 5. Nf3 Nc6 6. Bf4 Ne4 7. e3 Nxc3 8.
bxc3 e6 9. Bd3 Bd6 10. Bxd6 Qxd6 11. O-O O-O 12. Qe2 e5 13. dxe5 Nxe5 14. Nxe5
Qxe5 15. c4 dxc4 16. Bxc4 Bd7 17. Rfd1 Bc6 18. Qd3 g6 19. Rac1 Qg5 20. Bd5 Rad8
21. e4 Rd7 22. Qg3 Qxg3 23. hxg3 Rfd8 24. Rc5 Kg7 25. f3 Rd6 26. Kf2 Bxd5 27.
exd5 b6 28. Rc7 a5 29. Rb1 Rxd5 30. Rxb6 Rd2+ 31. Kg1 Rxa2 32. Rbb7 Rf8 33. Ra7
h5 34. Kh2 a4 35. Rc4 a3 36. Rc3 Re8 37. Rcxa3 Rxa3 38. Rxa3 1/2-1/2